000 00766nam a2200205 i 4500
001 136340
003 ES-MaACL
005 20230906195108.0
007 t|
008 070214m19561958sp |||| | spa d
080 _a940.18
100 1 _aRunciman, Steven.
_9100996
245 1 0 _aHistoria de las cruzadas /
_cSteven Runciman ; traducción del inglés por Germán Bleiberg.
260 _aMadrid :
_bRevista de Occidente,
_c1956-1958.
300 _a3 v. ;
_c22 cm.
505 8 _aContiene: 1. La primera cruzada y la fundación del reino de Jerusalén - 2. El reino de Jerusalén y el Oriente franco, 1100-1187 - 3. El reino de Acre y las últimas cruzadas
650 4 _aCruzadas.
_911463
700 1 _aBleiberg, Germán.
_929469
852 _aES-MaACL
_jE-5623-25
999 _c136340
_d136340